000 00954cam a22003017a 4500
003 CHAP
005 20220329140023.0
008 971013s1980 r 00010 d
010 _a45685
011 _a46657
035 _a50798
040 _cCHAP
082 _a574.5
_bR4 1980
100 0 0 _aRemmert, Hermann.
_995853
245 0 _aEcology ; a textbook
260 _aBerlin :
_bSpringer-Verlag,
_c1980
300 _a289 p.
_b: ilus.
500 _aTrad. de la 2 ed. en alemán de 1980
590 _aBATCH-UPD
_b10
_c20130110
_lUCH01
_h1804
590 _aBATCH-UPD
_b10
_c20130410
_lUCH01
_h1139
590 _aBATCH-UPD
_b10
_c20130914
_lUCH01
_h1228
590 _aCONVERSION
_b10
_c20130109
_lUCH01
_h1325
650 1 4 _aEcología.
_935134
901 _aBK
942 _cLIBRO
949 _a574.5 R4 1980
_bBC
_cLIBRO
_d33724000470399
_eLIBRO
_h551161
_i50798
_si
_t78.00
949 _a574.5 R4 1980
_bBC
_cLIBRO
_d33724000470407
_eLIBRO
_fc.2
_h55162
_i50798
_si
_t78.00
999 _c45685
_d45685